00950cam a2200217 a 450000100060000000300080000600500170001400800410003103500190007204000350009104100080012608200160013410000260015024502240017626000780040030000420047865000120052070000440053283000310057685601250060722001BD-RjUL20211209000744.0930329s1881 stkc 00010 eng  a(BD-RjUL)22066 cPUdDFodBD-RjULaBD-RjULbeng aeng a821.46bGRC1 aGrosart, Alexander B.14aThe complete works in verse and prose of Abraham Cowley /cnow for the first time collected and edited with memorial-introduction and notes and illustrations, portraits, etc. by the Rev. Alexander B. Grosart.nVolume II aEdinburgh :bT. and A. Constable] Printed for private circulation,c1967. a373 p. :bfronts. (ports.) ;c26 cm. aFiction10aGrosart, Alexander Balloch,d1827-1899. 0aChertsey worthies' library413Bodleian Library Lower Camera Open Shelves SE.12C 200. 1 v.2uhttp://purl.ox.ac.uk/uuid/dacf3ad837b84ec88828b61e1612d3ff